000 00480nam a2200193Ia 4500
003 0100
008 130307s9999 xx 000 0 und d
040 _cARRUPELIB
050 _aDA566.7.C53
100 _aChurchill, Winston Leonard Spencer
245 _aWhile England slept
245 _ba survey of world affairs, 1932-1938
260 _aNY
260 _bPutnam's
260 _c1938
300 _a404p
700 _apref. and notes by Randolph S. Churchill
942 0 0 _01
999 _c85189
_d85189